La Prima Maestra (Record n. 37834)
[ formato base ]
| 000 -LEADER | |
|---|---|
| fixed length control field | 00805nam a22001817a 4500 |
| 003 - CONTROL NUMBER IDENTIFIER | |
| control field | IT-RoPau |
| 005 - DATE AND TIME OF LATEST TRANSACTION | |
| control field | 20220918175938.0 |
| 008 - FIXED-LENGTH DATA ELEMENTS--GENERAL INFORMATION | |
| fixed length control field | 130124b xxu||||| |||| 00| 0 eng d |
| 040 ## - CATALOGING SOURCE | |
| Transcribing agency | IT-RoPau |
| 100 ## - MAIN ENTRY--PERSONAL NAME | |
| Personal name | Ambrosi, O. |
| 9 (RLIN) | 235 |
| 245 ## - TITLE STATEMENT | |
| Title | La Prima Maestra |
| 250 ## - EDITION STATEMENT | |
| Edition statement | II |
| 260 ## - PUBLICATION, DISTRIBUTION, ETC. (IMPRINT) | |
| Place of publication, distribution, etc. | Ancona |
| Name of publisher, distributor, etc. | Edizioni Paoline |
| Date of publication, distribution, etc. | 1965 |
| 300 ## - PHYSICAL DESCRIPTION | |
| Extent | 215 p. con foto |
| Dimensions | 20 cm |
| 490 ## - SERIES STATEMENT | |
| Series statement | Edizioni Paoline |
| Volume/sequential designation | I |
| 520 ## - SUMMARY, ETC. | |
| Summary, etc. | Indice<br/><br/>Prefazione<br/>1. Donna rarissima<br/>2. L'educazione in famiglia<br/>3. La giovanissima età<br/>4. La sua decisione<br/>5. La Prima Maestra<br/>6. Le virtù nascoste<br/>7. Fede, dolcezza e carità<br/>8. Distacco da sé e amore di Dio<br/>9. La sua squisita carità<br/>10. La sua preghiera<br/>11. La sua anima apostolica<br/>12. L'offerta eroica di sé<br/>13. Di lei dicono<br/> Cronologia<br/><br/> |
| 942 ## - ADDED ENTRY ELEMENTS (KOHA) | |
| Source of classification or shelving scheme | Dewey Decimal Classification |
| Koha item type | LIBRO |
| Withdrawn status | Lost status | Source of classification or shelving scheme | Damaged status | Not for loan | Home library | Current library | Date acquired | Total Checkouts | Full call number | Date last seen | Price effective from | Koha item type |
|---|---|---|---|---|---|---|---|---|---|---|---|---|
| Dewey Decimal Classification | Buone Condizioni | Not For Loan | PAULUS-BIBLIOTECA | PAULUS-BIBLIOTECA | 24/01/2013 | P B4 | 24/01/2013 | 24/01/2013 | LIBRO | |||
| Dewey Decimal Classification | Buone Condizioni | Not For Loan | PAULUS-BIBLIOTECA | PAULUS-BIBLIOTECA | 16/12/2013 | P B4 | 16/12/2013 | 16/12/2013 | LIBRO | |||
| Dewey Decimal Classification | Buone Condizioni | Not For Loan | PAULUS-BIBLIOTECA | PAULUS-BIBLIOTECA | 16/12/2013 | P B4 | 16/12/2013 | 16/12/2013 | LIBRO |